Physical chemistry for the life sciences

Kaydedildi:
Detaylı Bibliyografya
Asıl Yazarlar: Atkins, Peter William (Yazar), De Paula, Julio (Yazar)
Materyal Türü: Kitap
Dil:İspanyolca
Baskı/Yayın Bilgisi: Nueva York Oxford University Press 2006
Konular:
Etiketler: Etiketle
Etiket eklenmemiş, İlk siz ekleyin!

MARC

LEADER 00000nam a2200000 a 4500
001 UCI7868
003 CL-VaPUC
008 080725e20060000US |||||||||||||||||spa|d
020 |a 9780716786283 
082 0 4 |a 572  |b ATK  |2 21 
100 0 |a Atkins, Peter William  |e author  |9 531244 
700 0 |a De Paula, Julio  |e author  |9 531245 
245 1 0 |a Physical chemistry for the life sciences 
300 |a 699 p 
942 |c BK 
945 |d 20080725 00:00:00  |a jtorresc 
260 |a Nueva York  |b Oxford University Press  |c 2006 
650 0 |a Bioquímica   |9 259492 
650 0 |a Biofísica  |9 271309 
650 0 |a Termodinámica   |9 259320 
650 0 |a Química física  |9 260596 
583 |a last modification  |c 20080725 00:00:00  |k Rodrigo Vera 
999 |c 330996  |d 330994 
952 |0 0  |1 0  |4 0  |6 572_000000000000000_ATK_2006  |7 0  |8 A  |9 417064  |a BIBALI  |b BIBALI  |c GEN  |d 2019-11-22  |i 4467108  |o 572 ATK 2006  |p 4467108  |r 2025-01-20  |w 2019-11-22  |y BK  |k ALI